Relationship Between Reputation and Competitiveness
Koncept konkurencieschopnosti. Koncept a definícia reputácie, reputácia verzus imidž, reputácia krajiny. Korelačná analýza vzťahu medzi reputáciou krajiny a jej konkurencieschopnosťou na vzorke 53 najvýznamnejších krajín. Vplyv pozitívnej reputácie krajiny na jej hodnotenie v rebríčku globálnej konk...
Salvato in:
| Autore principale: | |
|---|---|
| Natura: | Capitolo di libro |
| Lingua: | inglese |
| Soggetti: | |
| Tags: |
Nessun Tag, puoi essere il primo ad aggiungerne!!
|
MARC
| LEADER | 00000nla a2200000 4500 | ||
|---|---|---|---|
| 001 | 0246072 | ||
| 005 | 20240502083656.4 | ||
| 041 | 0 | |a eng | |
| 044 | |a CZ | ||
| 245 | 1 | 0 | |a Relationship Between Reputation and Competitiveness |c Mária Kozáková |
| 520 | |a Koncept konkurencieschopnosti. Koncept a definícia reputácie, reputácia verzus imidž, reputácia krajiny. Korelačná analýza vzťahu medzi reputáciou krajiny a jej konkurencieschopnosťou na vzorke 53 najvýznamnejších krajín. Vplyv pozitívnej reputácie krajiny na jej hodnotenie v rebríčku globálnej konkurencieschopnosti (Global Competitiveness Index). | ||
| 610 | 2 | 0 | |a konkurencieschopnosť |
| 610 | 2 | 0 | |a index globálnej konkurencieschopnosti |
| 610 | 2 | 0 | |a štát |
| 610 | 2 | 0 | |a krajiny vyspelé |
| 610 | 2 | 0 | |a reputácia podniku |
| 610 | 2 | 0 | |a imidž |
| 610 | 2 | 0 | |a analýza korelačná |
| 100 | 1 | |a Kozáková, Mária, 1991- | |